Combined effects of hot foot immersion along with A mind sound resonance technique on insomnia and stress in middle aged adults - A Randomized controlled trial. (Record no. 20657)

MARC details
000 -LEADER
fixed length control field 00473nam a22001457a 4500
003 - CONTROL NUMBER IDENTIFIER
control field OSt
005 - DATE AND TIME OF LATEST TRANSACTION
control field 20250713145508.0
008 - FIXED-LENGTH DATA ELEMENTS--GENERAL INFORMATION
fixed length control field 250713b |||||||| |||| 00| 0 eng d
040 ## - CATALOGING SOURCE
Transcribing agency SVYASA
100 ## - MAIN ENTRY--PERSONAL NAME
Personal name Achala BS
9 (RLIN) 1069
245 ## - TITLE STATEMENT
Title Combined effects of hot foot immersion along with A mind sound resonance technique on insomnia and stress in middle aged adults - A Randomized controlled trial.
260 ## - PUBLICATION, DISTRIBUTION, ETC.
Place of publication, distribution, etc. Bangaluru
Name of publisher, distributor, etc. Svyasa
Date of publication, distribution, etc. 2025
300 ## - PHYSICAL DESCRIPTION
Extent 41 p.
942 ## - ADDED ENTRY ELEMENTS (KOHA)
Source of classification or shelving scheme Dewey Decimal Classification
Koha item type Dissertation
Suppress in OPAC No
Holdings
Withdrawn status Lost status Source of classification or shelving scheme Damaged status Not for loan Collection code Home library Current library Shelving location Date acquired Total Checkouts Barcode Date due Date last seen Date last checked out Price effective from Koha item type
    Dewey Decimal Classification     Dissertation SVYASA SVYASA R11.10A 07/13/2025 1 D1712 06/23/2026 06/08/2026 06/08/2026 07/13/2025 Dissertation

Powered by Koha